[Event "Open Aubagne 2024/25"]
[White "Mouhieddine, Marouane"]
[Black "Belaid, Myriam"]
[Site "AubagneGNE"]
[Round "5.21"]
[Board "21"]
[Result "0-1"]
[Date "2024.12.14"]
[WhiteElo "1299"]
[BlackElo "1399"]
[PlyCount "64"]
[GameId "2123124021629254"]
[WhiteTeam "Cassis Echecs"]
[BlackTeam "Cercle d'Echecs Aubagnais"]

1. e4 c5 2. Nf3 d6 3. h3 Nc6 4. d4 cxd4 5. Nxd4 Nxd4 6. Qxd4 e5 7. Qd5 Nf6 8. Qd1 Nxe4 9. Nc3 Nxc3 10. bxc3 g6 11. Bb2 Bg7 12. Bb5+ Bd7 13. c4 a6 14. Bxd7+ Qxd7 15. f4 Qc7 16. Qe2 O-O 17. O-O Rfe8 18. fxe5 dxe5 19. Rf2 e4 20. Bxg7 Kxg7 21. Qf1 Re7 22. Re1 Rae8 23. Re3 Qc5 24. Rg3 e3 25. Re2 Qxc4 26. Qb1 Qxe2 27. Qb2+ f6 28. Rf3 Re5 29. Qxb7+ R8e7 30. Qb3 Rg5 31. Rf2 Qxf2+ 32. Kh1 Qxg2# 0-1

[Event "Open Aubagne 2024/25"]
[White "Engles, Simeon"]
[Black "Portes, Daniel"]
[Site "AubagneGNE"]
[Round "5.22"]
[Board "22"]
[Result "0-1"]
[Date "2024.12.14"]
[WhiteElo "1299"]
[BlackElo "1399"]
[PlyCount "80"]
[GameId "2123124106219860"]
[WhiteTeam "Hay Chess"]
[BlackTeam "Hay Chess"]

1. e4 c5 2. Nf3 d6 3. Bb5+ Bd7 4. Bxd7+ Nxd7 5. O-O Ngf6 6. Nc3 g6 7. d3 Bg7 8. Bd2 O-O 9. Rc1 a6 10. b3 Qc7 11. Bg5 e6 12. a4 Qa5 13. Ne2 d5 14. e5 Ng4 15. d4 cxd4 16. Nexd4 Ndxe5 17. Nxe5 Nxe5 18. c3 Rac8 19. b4 Qc7 20. Qb3 Ng4 21. g3 Qd7 22. a5 Nf6 23. Bxf6 Bxf6 24. Rc2 h5 25. Rfc1 Rc7 26. h4 Rfc8 27. Ne2 Rc4 28. Kh2 g5 29. hxg5 Bxg5 30. Rd1 Qc7 31. Rd4 Rxd4 32. Nxd4 h4 33. Kg2 hxg3 34. fxg3 Qe5 35. Nf3 Qe4 36. Kf2 Be3+ 37. Kg2 d4 38. Rc1 Bxc1 39. cxd4 Rc2+ 40. Kh3 f5 0-1

[Event "Open Aubagne 2024/25"]
[White "Vrillet, Loan"]
[Black "Madi, Walid"]
[Site "AubagneGNE"]
[Round "6.1"]
[Board "1"]
[Result "0-1"]
[Date "2025.01.11"]
[WhiteElo "1756"]
[BlackElo "1789"]
[PlyCount "94"]
[GameId "2132975416537280"]
[WhiteTeam "Cercle d'Echecs Aubagnais"]
[BlackTeam "Cercle d'Echecs Aubagnais"]

1. d4 Nf6 2. Nf3 g6 3. g3 c6 4. c4 Bg7 5. Bg2 d5 6. cxd5 cxd5 7. Nc3 Nc6 8. O-O O-O 9. Re1 Bg4 10. Ne5 Bf5 11. Bg5 Be6 12. Nxc6 bxc6 13. Rc1 Rc8 14. Na4 Bf5 15. h3 h5 16. e3 Nh7 17. Bf4 Qa5 18. b3 Nf6 19. Rc5 Qa6 20. Bf1 Qb7 21. Rc1 Nd7 22. g4 hxg4 23. hxg4 Be6 24. f3 a5 25. Re2 Qb4 26. Rec2 c5 27. Nxc5 Nxc5 28. Rxc5 Rxc5 29. Rxc5 Rc8 30. Rxc8+ Bxc8 31. Qc2 Be6 32. Bg3 Bh6 33. Bf2 Qd6 34. Qc3 Bd7 35. Bg2 Qa3 36. Qc2 Qb4 37. Qc7 Be6 38. Bf1 Qd2 39. Qe5 Qxa2 40. g5 Bg7 41. Qb8+ Kh7 42. Qb5 Qa3 43. Be1 Qc1 44. Kf2 Qb2+ 45. Be2 Bxd4 46. exd4 Qxd4+ 47. Kf1 Bh3# 0-1

[Event "Open Aubagne 2024/25"]
[White "Maggio, Lucas"]
[Black "Mouhieddine, Hocine"]
[Site "AubagneGNE"]
[Round "6.2"]
[Board "2"]
[Result "0-1"]
[Date "2025.01.11"]
[WhiteElo "1786"]
[BlackElo "1827"]
[PlyCount "100"]
[GameId "2132979605291218"]
[WhiteTeam "Cercle d'Echecs Aubagnais"]
[BlackTeam "Cassis Echecs"]

1. e4 c6 2. d4 d5 3. e5 Bf5 4. h4 h5 5. Bd3 Bxd3 6. Qxd3 e6 7. Bg5 Be7 8. Nf3 Nh6 9. Nc3 Nf5 10. Bxe7 Qxe7 11. Ne2 Nd7 12. Ng3 Nxg3 13. fxg3 Qb4+ 14. c3 Qb5 15. Qxb5 cxb5 16. Ng5 Ke7 17. O-O f6 18. exf6+ gxf6 19. Nh3 f5 20. Rae1 Kd6 21. Ng5 Rhe8 22. Nf7+ Kc6 23. Ng5 Kd6 24. Nf7+ Kc7 25. Re3 Nf6 26. Ng5 Kd7 27. Rd1 Ne4 28. Nxe4 fxe4 29. Rf1 Rf8 30. Rf4 Rf5 31. Re2 Raf8 32. Ref2 a5 33. a3 b6 34. Rxf5 exf5 35. b4 a4 36. Rf4 Ke6 37. Rf2 Rc8 38. Rc2 Rg8 39. Kf2 Rg4 40. Rc1 f4 41. gxf4 Rxf4+ 42. Kg3 Rg4+ 43. Kh3 Kf5 44. g3 e3 45. Re1 Ke4 46. Kg2 Rg7 47. Re2 Rf7 48. Re1 Kd3 49. Rf1 Rxf1 50. Kxf1 Kd2 0-1

[Event "Open Aubagne 2024/25"]
[White "Belaid, Noa"]
[Black "Vrillet, Sylvain"]
[Site "AubagneGNE"]
[Round "6.3"]
[Board "3"]
[Result "1/2-1/2"]
[Date "2025.01.11"]
[WhiteElo "1696"]
[BlackElo "1773"]
[PlyCount "97"]
[GameId "2132981967143139"]
[WhiteTeam "Hay Chess"]
[BlackTeam "Cercle d'Echecs Aubagnais"]

1. e4 c5 2. Nf3 Nc6 3. Bc4 g6 4. Nc3 Bg7 5. d3 Nf6 6. h3 d6 7. Bg5 O-O 8. Qd2 a6 9. a3 b5 10. Ba2 Bb7 11. Bh6 e6 12. Bxg7 Kxg7 13. O-O Qc7 14. Rfe1 Rad8 15. d4 cxd4 16. Nxd4 Rfe8 17. Rad1 Ne5 18. f4 Nc4 19. Bxc4 Qxc4 20. Qd3 e5 21. fxe5 dxe5 22. Qxc4 bxc4 23. Nf3 Rxd1 24. Rxd1 Nxe4 25. Nxe4 Bxe4 26. Rd6 Bxf3 27. gxf3 Rb8 28. Rc6 Rxb2 29. Rxc4 Rb6 30. Kf2 f5 31. a4 Kf6 32. a5 Rd6 33. Ke2 Ke6 34. Rc7 h5 35. c4 g5 36. c5 Rd4 37. Rc6+ Kd5 38. Rxa6 Kxc5 39. Rh6 g4 40. Rxh5 gxf3+ 41. Kxf3 Rf4+ 42. Kg3 Kb5 43. Rh6 Kxa5 44. Re6 Re4 45. h4 f4+ 46. Kf2 Kb4 47. h5 Re3 48. h6 Rh3 49. Rxe5 1/2-1/2

[Event "Open Aubagne 2024/25"]
[White "Hassaine, Rachid"]
[Black "Cescon, Moreno"]
[Site "AubagneGNE"]
[Round "6.5"]
[Board "5"]
[Result "0-1"]
[Date "2025.01.11"]
[WhiteElo "1619"]
[BlackElo "1743"]
[PlyCount "80"]
[GameId "2132984883826996"]
[WhiteTeam "Cercle d'Echecs Aubagnais"]
[BlackTeam "Club d'Echecs Pennois (CEP)"]

1. e4 e5 2. Nf3 d6 3. Bc4 Be7 4. d4 exd4 5. Qxd4 Nf6 6. e5 dxe5 7. Qxd8+ Bxd8 8. Nxe5 O-O 9. O-O Bf5 10. c3 Nbd7 11. Bf4 Nxe5 12. Bxe5 c6 13. Nd2 Nd7 14. Bd6 Re8 15. Rfe1 Bf6 16. Bb3 a5 17. h3 b5 18. a3 Be5 19. Bxe5 Nxe5 20. Nf3 Nxf3+ 21. gxf3 Bxh3 22. Re3 Rxe3 23. fxe3 Rd8 24. Rd1 Rxd1+ 25. Bxd1 c5 26. Kf2 Kf8 27. Bc2 h6 28. Be4 Ke7 29. f4 Kd6 30. Bd3 Bd7 31. e4 f6 32. Kg3 g5 33. Be2 b4 34. Bf3 bxa3 35. bxa3 Bc8 36. f5 Ke5 37. Kg4 Bb7 38. a4 Bxe4 39. Bxe4 Kxe4 40. c4 Ke5 0-1

[Event "Open Aubagne 2024/25"]
[White "Deregnaucourt, Yves"]
[Black "Dessagnes, Enzo"]
[Site "AubagneGNE"]
[Round "6.8"]
[Board "8"]
[Result "1-0"]
[Date "2025.01.11"]
[WhiteElo "1701"]
[BlackElo "1601"]
[PlyCount "47"]
[GameId "2132968089931856"]
[WhiteTeam "Cercle d'Echecs Aubagnais"]
[BlackTeam "Cercle d'Echecs Aubagnais"]

1. e4 c5 2. d4 cxd4 3. c3 dxc3 4. Nxc3 Nc6 5. Nf3 g6 6. h4 Bg7 7. h5 Nf6 8. h6 Bf8 9. Bc4 e6 10. Qe2 Bc5 11. Bg5 d6 12. O-O-O e5 13. Nd5 Qa5 14. Nxf6+ Kf8 15. Nd5 Be6 16. Bd2 Bb4 17. Kb1 Bxd2 18. Qxd2 Nb4 19. Nxb4 Bxc4 20. Qxd6+ Ke8 21. Qxe5+ Qxe5 22. Nxe5 Be2 23. Rd7 Rf8 24. Rxb7 1-0

[Event "Open Aubagne 2024/25"]
[White "Maffone, Jean-Charles"]
[Black "Leonti, Denis"]
[Site "AubagneGNE"]
[Round "6.9"]
[Board "9"]
[Result "1-0"]
[Date "2025.01.11"]
[WhiteElo "1681"]
[BlackElo "1485"]
[PlyCount "127"]
[GameId "2132969517514885"]
[WhiteTeam "Cercle d'Echecs Aubagnais"]
[BlackTeam "Hay Chess"]

1. e4 e6 2. d4 d5 3. Nd2 dxe4 4. Nxe4 Nf6 5. Bg5 Be7 6. Nxf6+ Bxf6 7. Bxf6 Qxf6 8. Nf3 Nc6 9. Bb5 a6 10. Bxc6+ bxc6 11. O-O O-O 12. Ne5 Qg5 13. f4 Qh6 14. Nxc6 Bb7 15. Ne5 f6 16. Nd7 Rfd8 17. Nc5 Bd5 18. b3 Qg6 19. Qe2 f5 20. Rad1 Re8 21. Nd3 h5 22. Ne5 Qh7 23. Rd3 h4 24. Rh3 a5 25. Qf2 g6 26. Rxh4 Qg7 27. a4 Kf8 28. Qg3 Ke7 29. Qg5+ Kd6 30. Rh6 c5 31. Rxg6 Qa7 32. c4 Be4 33. d5 Qb7 34. Rg7 Re7 35. Rxe7 Qxe7 36. dxe6 Qxe6 37. Rd1+ Kc7 38. Qg7+ Kb6 39. Nf7 Bd3 40. Qh6 Qxh6 41. Nxh6 Bc2 42. Rd2 Be4 43. Nf7 Rg8 44. g3 Rg7 45. Ne5 Kc7 46. Kf2 Bb7 47. Nf3 Re7 48. Ng5 Bc6 49. h4 Be8 50. Rd5 Kc6 51. Rxf5 Bd7 52. Rf6+ Kc7 53. h5 Bg4 54. h6 Re2+ 55. Kf1 Rb2 56. h7 Rb1+ 57. Kf2 Rb2+ 58. Ke3 Rxb3+ 59. Kd2 Rb2+ 60. Kc3 Rh2 61. Rf7+ Kd6 62. Rf8 Rg2 63. Ne4+ Ke6 64. h8=Q 1-0

[Event "Open Aubagne 2024/25"]
[White "Periale, Albert"]
[Black "Moerenhout, Jean Claude"]
[Site "AubagneGNE"]
[Round "6.16"]
[Board "16"]
[Result "0-1"]
[Date "2025.01.11"]
[WhiteElo "1468"]
[BlackElo "1540"]
[PlyCount "44"]
[GameId "2132971783135390"]
[WhiteTeam "Cercle d'Echecs Aubagnais"]
[BlackTeam "Cercle d'Echecs Aubagnais"]

1. e4 e5 2. Nf3 Nc6 3. d4 exd4 4. Nxd4 Bc5 5. Be3 d6 6. Nxc6 bxc6 7. Bxc5 dxc5 8. Qxd8+ Kxd8 9. Bc4 f6 10. O-O h5 11. Nc3 h4 12. h3 Rh5 13. Bxg8 Ba6 14. Rad1+ Ke7 15. Rfe1 Rxg8 16. f3 g5 17. e5 f5 18. e6 Bc8 19. Na4 g4 20. fxg4 fxg4 21. hxg4 Rxg4 22. Rd3 Rxa4 0-1

[Event "Open Aubagne 2024/25"]
[White "Rocchia, Alex"]
[Black "Roux, Jean-Marie"]
[Site "AubagneGNE"]
[Round "6.17"]
[Board "17"]
[Result "1-0"]
[Date "2025.01.11"]
[WhiteElo "1515"]
[BlackElo "1493"]
[PlyCount "99"]
[GameId "2132972867051695"]
[WhiteTeam "Cercle d'Echecs Aubagnais"]
[BlackTeam "L'Echiquier du Roy René"]

1. e4 e5 2. Nc3 Nf6 3. f4 exf4 4. e5 Ng8 5. Nf3 Ne7 6. d4 Ng6 7. Bc4 Be7 8. O-O O-O 9. Nd5 Nc6 10. Nxf4 Nxf4 11. Bxf4 d5 12. exd6 cxd6 13. d5 Nb8 14. Bd3 Qb6+ 15. Kh1 Qxb2 16. c4 Qf6 17. Bg3 b6 18. Qc2 g6 19. Bh4 Qf4 20. Bxe7 Re8 21. Bg5 Qg4 22. Qc3 Nd7 23. Bh6 f6 24. Bc1 Rf8 25. Be2 Kg7 26. Nd4 Qh4 27. Ne6+ Kf7 28. Nxf8 Kxf8 29. Ba3 Ke7 30. Rae1 Ne5 31. Qb4 Nf7 32. Bg4+ Kf8 33. Bxc8 Rxc8 34. Qc3 Kg7 35. Bb2 Ne5 36. Qd4 Qh5 37. Qf4 Rf8 38. Bxe5 dxe5 39. Qe4 Qg5 40. d6 Rd8 41. Qb7+ Kh6 42. d7 Qg4 43. Rxf6 Rxd7 44. Qf3 Qxc4 45. Qh3+ Kg7 46. Rxg6+ Kxg6 47. Qxd7 a5 48. Qe8+ Kg7 49. Qxe5+ Kh6 50. Qe6+ 1-0

[Event "Open Aubagne 2024/25"]
[Site "Aubagne"]
[Date "2025.01.11"]
[Round "6.6"]
[White "Khojasteh, Armand"]
[Black "Hammami, Hakim"]
[Result "0-1"]
[WhiteElo "1575"]
[BlackElo "1787"]
[PlyCount "134"]
[WhiteTeam "Club Provence Echecs"]
[BlackTeam "Cercle d'Echecs Aubagnais"]

1. c4 e5 2. Nc3 Nf6 3. g3 d5 4. cxd5 Nxd5 5. Bg2 Be6 6. Qa4+ Nc6 7. e4 Nb6 8.
Qd1 Bc5 9. Nf3 O-O 10. O-O Re8 11. d3 h6 12. Ne1 Nd4 13. Ne2 Nc8 14. Nxd4 Bxd4
15. Nc2 c5 16. Ne3 Nb6 17. Nf5 Bxf5 18. exf5 Rb8 19. Qg4 Qf6 20. Be4 Nc8 21.
Kg2 Nd6 22. f3 b5 23. Rb1 c4 24. Bd2 cxd3 25. b3 Nxe4 26. fxe4 Rec8 27. Rf3 Rc2
28. Rxd3 Rbc8 29. Kh3 Rxa2 30. Rc1 Rcc2 31. Rxc2 Rxc2 32. Qd1 Qc6 33. Qg4 Ra2
34. Bb4 a5 35. Be1 a4 36. f6 Qxf6 37. Rf3 Qc6 38. Qf5 Qf6 39. Qc8+ Kh7 40. Rxf6
gxf6 41. Qf5+ Kg7 42. Qg4+ Kf8 43. bxa4 bxa4 44. Qc8+ Kg7 45. Kg4 a3 46. Qa6
Ra1 47. Bb4 a2 48. Qd6 Kh7 49. Kh5 Rh1 50. h4 a1=Q 51. Qd7 Qd1+ 52. Qg4 Qxg4+
53. Kxg4 Rf1 54. h5 Be3 55. Kh3 f5 56. exf5 Rxf5 57. Kg4 Rg5+ 58. Kh4 e4 59.
Bd6 Bf2 60. Bf4 Rg8 61. Kh3 e3 62. Kg2 Bxg3 63. Bxg3 e2 64. Kf2 e1=Q+ 65. Kxe1
Rxg3 66. Kf2 Ra3 67. Ke2 Kg7 0-1

[Event "Open Aubagne 2024/25"]
[Site "Aubagne"]
[Date "2025.01.11"]
[Round "6.10"]
[White "Gomez, Guy"]
[Black "Madi, Chahinez"]
[Result "1/2-1/2"]
[WhiteElo "1649"]
[BlackElo "1798"]
[PlyCount "58"]
[WhiteTeam "Cercle d'Echecs Aubagnais"]
[BlackTeam "Cercle d'Echecs Aubagnais"]

1. e4 c5 2. Nf3 d6 3. Bc4 Nf6 4. d3 e6 5. a4 a6 6. c3 Nc6 7. Bg5 Be7 8. Nbd2 d5
9. Ba2 d4 10. Qc2 O-O 11. e5 Ng4 12. Bxe7 Qxe7 13. cxd4 Nb4 14. Qc3 cxd4 15.
Nxd4 Nxe5 16. O-O Nexd3 17. Bc4 Nf4 18. Rfe1 Nbd5 19. Qg3 Qf6 20. N4f3 Bd7 21.
Ne4 Qxb2 22. Rab1 Qa3 23. Ne5 Qe7 24. Rxb7 Rfd8 25. Nc6 Qf8 26. Nxd8 Qxd8 27.
Nc5 Qa5 28. Reb1 Qxc5 29. Qb3 Be8 1/2-1/2

[Event "Open Aubagne 2024/25"]
[Site "Aubagne"]
[Date "2025.01.11"]
[Round "6.11"]
[White "Battaglia, Gerard"]
[Black "Benezra, David"]
[Result "1/2-1/2"]
[WhiteElo "1711"]
[BlackElo "1625"]
[PlyCount "49"]
[WhiteTeam "Echiquier Marseillais 1872"]
[BlackTeam "L'Echiquier du Roy René"]

1. d4 Nf6 2. c4 g6 3. Nc3 Bg7 4. e4 d6 5. f4 O-O 6. Nf3 c5 7. d5 e6 8. Bd3 exd5
9. cxd5 Re8 10. O-O a6 11. a4 Bg4 12. h3 Bxf3 13. Qxf3 Nbd7 14. Be3 Qb6 15.
Rfb1 Qb4 16. a5 c4 17. Ra4 Qb3 18. Rxc4 Rac8 19. Rxc8 Rxc8 20. Qe2 Nc5 21. Bxc5
Rxc5 22. Ra1 Nh5 23. Ra3 Qb4 24. Ra4 Qb3 25. Ra3 1/2-1/2

[Event "Open Aubagne 2024/25"]
[Site "Aubagne"]
[Date "2025.01.11"]
[Round "6.13"]
[White "Engles, Baptiste"]
[Black "Normand, Christophe"]
[Result "1-0"]
[WhiteElo "1654"]
[BlackElo "1541"]
[PlyCount "121"]
[WhiteTeam "Hay Chess"]
[BlackTeam "Club d'Echecs Pennois (CEP)"]

1. e4 e5 2. Nf3 d6 3. d4 exd4 4. Bc4 Be7 5. c3 dxc3 6. Qd5 Be6 7. Qxb7 Nd7 8.
Bxe6 fxe6 9. Nxc3 Ngf6 10. O-O O-O 11. Rd1 Nc5 12. Qb4 a5 13. Qc4 Rb8 14. Ng5
h6 15. Nxe6 Nxe6 16. Qxe6+ Kh8 17. e5 Ne8 18. exd6 Bxd6 19. g3 Qf6 20. Qxf6
Nxf6 21. b3 Ng4 22. Ne4 Be5 23. Rb1 Rb4 24. Re1 Bd4 25. Bf4 Be5 26. Bxe5 Nxe5
27. Kg2 Re8 28. Nd2 Rbb8 29. f4 Nd3 30. Rxe8+ Rxe8 31. Kf1 Nb4 32. a3 Nc2 33.
Nc4 Ne3+ 34. Kf2 Nxc4 35. bxc4 Re4 36. Rc1 c5 37. Kf3 Rd4 38. Ke3 a4 39. Rb1
Rxc4 40. Kd3 Rd4+ 41. Ke3 Kg8 42. Rc1 Rd5 43. h4 Kf7 44. Ke4 Ke6 45. Rb1 Rd4+
46. Ke3 Kf5 47. Rb5 Re4+ 48. Kd3 Rd4+ 49. Kc3 Ke4 50. Rxc5 Rd3+ 51. Kb4 Rxg3
52. Kxa4 Kxf4 53. Kb4 g5 54. Rc4+ Ke5 55. hxg5 hxg5 56. a4 Rd3 57. a5 Rd4 58.
Rxd4 Kxd4 59. a6 g4 60. a7 g3 61. a8=Q 1-0

[Event "Open Aubagne 2024/25"]
[Site "Aubagne"]
[Date "2025.01.11"]
[Round "6.14"]
[White "Gamblin, Vincent"]
[Black "Camus, Evan"]
[Result "0-1"]
[WhiteElo "1651"]
[BlackElo "1437"]
[PlyCount "140"]
[WhiteTeam "L'Echiquier du Roy René"]
[BlackTeam "Hay Chess"]

1. e4 Nf6 2. e5 Nd5 3. d4 d6 4. c4 Nb6 5. Nc3 Nc6 6. e6 fxe6 7. Qh5+ g6 8. Qd1
Bg7 9. Nf3 e5 10. d5 Na5 11. b3 e4 12. Nd4 c5 13. Nde2 Nd7 14. Bd2 O-O 15. Rc1
Ne5 16. Ng3 Nd3+ 17. Bxd3 exd3 18. O-O e6 19. Be3 exd5 20. Nxd5 Nc6 21. Qxd3
Ne5 22. Qd2 Nf7 23. Rce1 a6 24. Bf4 b5 25. Ne7+ Kh8 26. Nxc8 Rxc8 27. Ne4 bxc4
28. bxc4 Rc6 29. Qd5 Qd7 30. Be3 Ne5 31. Rd1 Rf5 32. Nxc5 Rxc5 33. Qa8+ Rf8 34.
Qxa6 Rxc4 35. Rxd6 Qc7 36. h3 Rc6 37. Rxc6 Nxc6 38. Rc1 Rc8 39. g3 Qd7 40. Kg2
Qd5+ 41. Kh2 Qd7 42. a4 Ne7 43. Rb1 Rc6 44. Qb5 Qc8 45. a5 Qa6 46. Qb8+ Rc8 47.
Qb6 Ra8 48. Qc7 Bf6 49. Rb8+ Rxb8 50. Qxb8+ Kg7 51. Bb6 Kh6 52. Qf8+ Kg5 53.
Be3+ Kf5 54. g4+ Ke6 55. g5 Qd6+ 56. Kg2 Qd5+ 57. Kf1 Bxg5 58. Bb6 Qd1+ 59. Kg2
Qd5+ 60. Kf1 Qh1+ 61. Ke2 Qxh3 62. a6 Qg4+ 63. Kd3 Qd1+ 64. Kc4 Qa4+ 65. Kc5
Qxa6 66. Qd8 Qc8+ 67. Kb5 Qxd8 68. Bxd8 h5 69. Bc7 Nd5 70. Bg3 Bf4 0-1

[Event "Open Aubagne 2024/25"]
[Site "Aubagne"]
[Date "2025.01.11"]
[Round "6.15"]
[White "Engles, Pierre"]
[Black "Belaid, Myriam"]
[Result "1-0"]
[WhiteElo "1649"]
[BlackElo "1399"]
[PlyCount "69"]
[WhiteTeam "Hay Chess"]
[BlackTeam "Cercle d'Echecs Aubagnais"]

1. e4 c5 2. d4 cxd4 3. c3 e5 4. Nf3 Nc6 5. Bc4 Bc5 6. O-O Nf6 7. cxd4 exd4 8.
e5 Ng4 9. Bg5 Qc7 10. Bf4 O-O 11. Qc2 d6 12. Ng5 Re8 13. Qxh7+ Kf8 14. Qh8+ Ke7
15. exd6+ Bxd6 16. Re1+ Be6 17. Qxg7 Bxf4 18. Rxe6+ Kd8 19. Rxe8+ Kxe8 20. Qg8+
Kd7 21. Qxf7+ Ne7 22. Bb5+ Kc8 23. Qe8+ Qd8 24. Bd7+ Kc7 25. Ne6+ Kd6 26. Nxd8
Bxh2+ 27. Kf1 Be5 28. Nf7+ Kd5 29. Qxa8 Nh2+ 30. Ke2 Ke4 31. g3 d3+ 32. Kd1
Bxb2 33. Qxb7+ Nd5 34. Qxb2 Nf3 35. Nd6# 1-0

[Event "Open Aubagne 2024/25"]
[Site "Aubagne"]
[Date "2025.01.11"]
[Round "6.18"]
[White "Proud'Hon, Gabriel"]
[Black "Giraudoux Lognos, Lina"]
[Result "1-0"]
[WhiteElo "1796"]
[BlackElo "1399"]
[PlyCount "45"]
[WhiteTeam "Hay Chess"]
[BlackTeam "Cercle d'Echecs Aubagnais"]

1. e4 c5 2. Nf3 Nc6 3. d4 cxd4 4. Nxd4 g6 5. c4 Bg7 6. Be3 Nxd4 7. Bxd4 e5 8.
Bc5 Qa5+ 9. b4 Qd8 10. Nc3 b6 11. Bd6 Ne7 12. Nb5 O-O 13. Bc7 Qe8 14. Nd6 Bb7
15. Nxe8 Rfxe8 16. f3 Rac8 17. Bd6 f5 18. Bd3 Rc6 19. Bxe7 Rxe7 20. Qb3 f4 21.
O-O d6 22. Rac1 g5 23. c5+ 1-0

[Event "Open Aubagne 2024/25"]
[Site "Aubagne"]
[Date "2025.01.11"]
[Round "6.19"]
[White "Roganova, Jeremy"]
[Black "Pala, Gerard"]
[Result "1-0"]
[WhiteElo "1439"]
[BlackElo "1495"]
[PlyCount "87"]
[WhiteTeam "Cercle d'Echecs Aubagnais"]
[BlackTeam "Cercle d'Echecs Aubagnais"]

1. e4 c6 2. Nf3 d5 3. Nc3 dxe4 4. Nxe4 Bg4 5. Bc4 e6 6. d4 Nf6 7. Ng3 Nbd7 8.
Bg5 Bxf3 9. Qxf3 Qa5+ 10. Bd2 Qb6 11. Qc3 Bb4 12. Qxb4 Qxb4 13. Bxb4 Nb6 14.
Bb3 O-O-O 15. O-O-O Nfd5 16. Bc5 g6 17. Ne4 Kb8 18. Nd6 Rhf8 19. Ne4 Rfe8 20.
c4 Nf4 21. g3 Nh5 22. g4 Ng7 23. Ng5 f5 24. Nf7 Rd7 25. Ne5 Rdd8 26. Rhe1 fxg4
27. Nxg4 Nf5 28. Nf6 Rh8 29. Rxe6 Nd7 30. Nxd7+ Rxd7 31. d5 b6 32. Be3 cxd5 33.
cxd5 Nxe3 34. Rxe3 Rd6 35. Ba4 Kc7 36. Rc3+ Kd8 37. Rc6 Rxc6+ 38. dxc6+ Kc7 39.
Rd7+ Kc8 40. Bb5 Rf8 41. Ba6+ Kb8 42. c7+ Ka8 43. Rd8+ Rxd8 44. cxd8=Q# 1-0

[Event "Open Aubagne 2024/25"]
[Site "Aubagne"]
[Date "2025.01.11"]
[Round "6.20"]
[White "Portes, Daniel"]
[Black "Pretini, Augustin"]
[Result "1-0"]
[WhiteElo "1399"]
[BlackElo "1484"]
[PlyCount "53"]
[WhiteTeam "Hay Chess"]
[BlackTeam "Cercle d'Echecs Aubagnais"]

1. e4 e5 2. Nf3 Nc6 3. c3 Bc5 4. d4 exd4 5. cxd4 Bb6 6. Bc4 d6 7. O-O Nf6 8.
Bg5 h6 9. Bh4 O-O 10. e5 dxe5 11. dxe5 Qxd1 12. Rxd1 Ne4 13. Nbd2 Nxd2 14. Rxd2
g5 15. Bg3 Bg4 16. Bd5 Rad8 17. Rad1 Ba5 18. Re2 Ne7 19. Bb3 Rxd1+ 20. Bxd1 Nf5
21. Re4 Bxf3 22. Bxf3 Nxg3 23. hxg3 Re8 24. Bh5 Re7 25. f4 Kg7 26. f5 c6 27.
f6+ 1-0

[Event "Open Aubagne 2024/25"]
[Site "Aubagne"]
[Date "2025.01.11"]
[Round "6.21"]
[White "Turpin, Isabelle"]
[Black "Mouhieddine, Marouane"]
[Result "1-0"]
[WhiteElo "1441"]
[BlackElo "1299"]
[PlyCount "37"]
[WhiteTeam "Cercle d'Echecs Aubagnais"]
[BlackTeam "Cassis Echecs"]

1. Nf3 d5 2. d4 Nc6 3. e3 Bd7 4. c4 e6 5. Bd3 Nf6 6. Qe2 Bb4+ 7. Nbd2 O-O 8.
O-O b6 9. Bc2 Na5 10. a3 Bxd2 11. Bxd2 Nxc4 12. Bc3 Ne4 13. b3 Nxc3 14. Qd3 Ne4
15. bxc4 Bc6 16. Nd2 dxc4 17. Qxc4 Nxd2 18. Qd3 Nxf1 19. Qxh7# 1-0

[Event "Open Aubagne 2024/25"]
[Site "Aubagne"]
[Date "2025.01.11"]
[Round "6.22"]
[White "Pouliquen, Gilbert"]
[Black "Peucelle, Richard"]
[Result "1-0"]
[WhiteElo "1416"]
[BlackElo "1399"]
[PlyCount "57"]
[WhiteTeam "Echiquier Marseillais 1872"]
[BlackTeam "Cercle d'Echecs Aubagnais"]

1. d4 d5 2. c4 e6 3. Nc3 Bd6 4. e4 Nf6 5. e5 Be7 6. exf6 Bxf6 7. Nf3 Nc6 8.
cxd5 Nxd4 9. Nxd4 c5 10. Nf3 O-O 11. Bc4 b6 12. O-O Re8 13. Qb3 Bb7 14. Rd1 Qd7
15. dxe6 Qxe6 16. Bxe6 fxe6 17. Bg5 Rac8 18. Bxf6 b5 19. Qc2 gxf6 20. Rd7 f5
21. Rxb7 Rf8 22. Ng5 Rce8 23. Rxh7 Rf6 24. Qd2 f4 25. Rxa7 Rff8 26. Qd6 Rf5 27.
Nxe6 Rf6 28. Qd7 Rexe6 29. Qg7# 1-0

[Event "Open Aubagne 2024/25"]
[Site "Aubagne"]
[Date "2025.01.26"]
[Round "7.2"]
[White "Mouhieddine, Hocine"]
[Black "Belaid, Noa"]
[Result "1-0"]
[WhiteElo "1827"]
[BlackElo "1696"]
[PlyCount "119"]
[WhiteTeam "Cassis Echecs"]
[BlackTeam "Hay Chess"]

1. d4 d5 2. Bf4 c5 3. c3 Qb6 4. Qb3 Qxb3 5. axb3 cxd4 6. Bxb8 Rxb8 7. Rxa7 dxc3
8. bxc3 e5 9. e3 Nf6 10. Bb5+ Bd7 11. Bxd7+ Nxd7 12. Nf3 e4 13. Nd4 Bc5 14. Ra2
Bxd4 15. cxd4 O-O 16. Kd2 Ra8 17. Rc2 Nb6 18. Rhc1 Rfc8 19. Rxc8+ Rxc8 20.
Rxc8+ Nxc8 21. Kc3 f5 22. Kb4 Kf7 23. Kc5 Ke6 24. Nc3 Ne7 25. Kb6 g5 26. Kxb7
f4 27. b4 Nf5 28. Nd1 Kd7 29. b5 Nd6+ 30. Ka6 h5 31. b6 Kc6 32. Nc3 h4 33. g3
hxg3 34. hxg3 fxg3 35. fxg3 g4 36. Nxd5 Kxd5 37. b7 Nxb7 38. Kxb7 Kc4 39. Kc6
Kd3 40. d5 Kxe3 41. d6 Kf2 42. d7 e3 43. d8=Q e2 44. Qd2 Kf1 45. Qf4+ Kg2 46.
Qe3 Kf1 47. Kd5 e1=Q 48. Qxe1+ Kxe1 49. Ke4 Ke2 50. Kf4 Kd3 51. Kxg4 Ke4 52.
Kh5 Kf5 53. g4+ Kf6 54. Kh6 Kf7 55. g5 Kg8 56. Kg6 Kf8 57. Kh7 Kf7 58. g6+ Ke6
59. g7 Kf5 60. g8=Q 1-0

[Event "Open Aubagne 2024/25"]
[Site "Aubagne"]
[Date "2025.01.26"]
[Round "7.4"]
[White "Cescon, Moreno"]
[Black "Roger, Patrick"]
[Result "1/2-1/2"]
[WhiteElo "1743"]
[BlackElo "1705"]
[PlyCount "48"]
[WhiteTeam "Club d'Echecs Pennois (CEP)"]
[BlackTeam "Echiquier Marseillais 1872"]

1. e4 e6 2. Nf3 d5 3. exd5 exd5 4. d4 Nf6 5. h3 Bd6 6. Bg5 O-O 7. Be2 Bf5 8.
O-O h6 9. Bh4 c6 10. Bd3 Bxd3 11. Qxd3 Nbd7 12. Nbd2 Qc7 13. Rfe1 Rfe8 14. Bxf6
Nxf6 15. Ne5 Bxe5 16. dxe5 Rxe5 17. Nf3 Rxe1+ 18. Rxe1 Re8 19. Rxe8+ Nxe8 20.
Qe3 Nf6 21. Qxa7 Qe7 22. Qa3 Qe6 23. Kf1 Qf5 24. c3 Qc8 1/2-1/2

[Event "Open Aubagne 2024/25"]
[Site "Aubagne"]
[Date "2025.01.26"]
[Round "7.6"]
[White "Maffone, Jean-Charles"]
[Black "Jardel, Stephane"]
[Result "1-0"]
[WhiteElo "1681"]
[BlackElo "1672"]
[PlyCount "89"]
[WhiteTeam "Cercle d'Echecs Aubagnais"]
[BlackTeam "Cercle d'Echecs Aubagnais"]

1. e4 c5 2. c3 Nc6 3. Nf3 d6 4. d4 cxd4 5. cxd4 Nf6 6. Nc3 g6 7. Be2 Bg7 8. h3
O-O 9. O-O a6 10. a4 a5 11. Bb5 Na7 12. Bc4 Bd7 13. Qe2 Nc6 14. Rd1 Rc8 15. Bg5
h6 16. Be3 b6 17. Rac1 Kh7 18. Bb3 Nb4 19. e5 Ne8 20. Ne4 f6 21. e6 Rxc1 22.
Bxc1 d5 23. exd7 Qxd7 24. Nc3 e6 25. Nb5 f5 26. Ne5 Qe7 27. Bd2 Na6 28. Rc1 Nb8
29. Be1 Nd6 30. Rc7 Qd8 31. Qc2 Na6 32. Rd7 Qc8 33. Nxd6 Qxc2 34. Bxc2 Nb8 35.
Rc7 Na6 36. Rb7 Rb8 37. Rxb8 Nxb8 38. Bd3 Bf6 39. b4 Kg7 40. bxa5 Be7 41. Ndf7
bxa5 42. Bxa5 Nc6 43. Bb6 Kh7 44. Bb5 Nb4 45. Bc5 1-0

[Event "Open Aubagne 2024/25"]
[Site "Aubagne"]
[Date "2025.01.26"]
[Round "7.8"]
[White "Arlot, Bastien"]
[Black "Hassaine, Rachid"]
[Result "1-0"]
[WhiteElo "1602"]
[BlackElo "1619"]
[PlyCount "50"]
[WhiteTeam "Hay Chess"]
[BlackTeam "Cercle d'Echecs Aubagnais"]

1. e4 e5 2. Nf3 Nc6 3. Nc3 a6 4. d4 d6 5. dxe5 Bg4 6. exd6 Bxd6 7. Be2 Nge7 8.
Be3 O-O 9. h3 Bh5 10. g4 Bg6 11. Nh4 Ne5 12. f4 N7c6 13. fxe5 Nxe5 14. Nxg6
fxg6 15. Qd5+ Kh8 16. O-O-O b5 17. Rhf1 b4 18. Rxf8+ Qxf8 19. Rf1 Qe8 20. Na4
Rd8 21. Nc5 a5 22. Nb7 Rd7 23. Bb5 c6 24. Bxc6 Nxc6 25. Nxd6 Nd8 1-0

[Event "Open Aubagne 2024/25"]
[Site "Aubagne"]
[Date "2025.01.26"]
[Round "7.10"]
[White "Dessagnes, Enzo"]
[Black "Battaglia, Gerard"]
[Result "0-1"]
[WhiteElo "1601"]
[BlackElo "1711"]
[PlyCount "40"]
[WhiteTeam "Cercle d'Echecs Aubagnais"]
[BlackTeam "Echiquier Marseillais 1872"]

1. e4 e6 2. d4 d5 3. e5 c5 4. c3 Nc6 5. Nf3 Nge7 6. Bd3 Ng6 7. Be3 b6 8. Bc2
Be7 9. h4 cxd4 10. cxd4 Nxh4 11. Nxh4 Bxh4 12. Bxh7 Be7 13. Qg4 Bf8 14. Nd2 Nb4
15. O-O-O Qc7+ 16. Kb1 Rxh7 17. Rhg1 Qc2+ 18. Ka1 Nd3 19. Nc4 dxc4 20. Rb1 Bb7
0-1